[Event "3rd Sat Djenovici Feb GM"]
[Site "Djenovici MNE"]
[Date "2018.02.17"]
[Round "1.1"]
[White "Ivanovic, Bozidar"]
[Black "Drasko, Milan"]
[Result "1/2-1/2"]
[WhiteTitle "GM"]
[BlackTitle "GM"]
[WhiteElo "2420"]
[BlackElo "2452"]
[WhiteFideId "900095"]
[BlackFideId "900397"]
[EventDate "2018.02.17"]

1. e4 e6 2. d4 d5 3. Nc3 Bb4 4. exd5 exd5 5. Bd3 c6 6. Nf3 Nf6 7. O-O O-O 8. h3
Re8 9. Bg5 Nbd7 10. Re1 Rxe1+ 1/2-1/2

[Event "3rd Sat Djenovici Feb GM"]
[Site "Djenovici MNE"]
[Date "2018.02.17"]
[Round "1.3"]
[White "Tomic, Aleksandar"]
[Black "Lazic, Miroljub"]
[Result "1/2-1/2"]
[WhiteTitle "FM"]
[BlackTitle "GM"]
[WhiteElo "2359"]
[BlackElo "2496"]
[WhiteFideId "16501799"]
[BlackFideId "900788"]
[EventDate "2018.02.17"]

1. d4 d5 2. Nf3 Nf6 3. Bf4 c6 4. e3 Bg4 5. h3 Bxf3 6. Qxf3 e6 7. Nd2 Bd6 8. Bd3
Bxf4 9. Qxf4 Nbd7 10. e4 dxe4 11. Nxe4 Nxe4 12. Qxe4 Nf6 13. Qe5 Qd5 1/2-1/2

[Event "3rd Sat Djenovici Feb GM"]
[Site "Djenovici MNE"]
[Date "2018.02.18"]
[Round "2.2"]
[White "Ostojic, Nikola"]
[Black "Bick, Gabriel"]
[Result "1/2-1/2"]
[WhiteTitle "IM"]
[WhiteElo "2449"]
[BlackElo "2403"]
[WhiteFideId "904287"]
[BlackFideId "2084058"]
[EventDate "2018.02.17"]

1. Nf3 Nf6 2. g3 g6 3. b3 Bg7 4. Bb2 O-O 5. Bg2 d6 6. d4 c5 7. O-O cxd4 8. Nxd4
d5 9. c4 e5 10. Nf3 e4 11. Nd4 dxc4 12. bxc4 e3 13. f3 Qb6 14. Qc1 Rd8 15. c5
Qb4 16. Nb3 Be6 17. Bc3 Qb5 18. Qb2 Bxb3 19. axb3 Ne8 20. Rc1 Na6 21. Na3 Qb4
22. Bxg7 Nxg7 23. Rc4 Rd2 24. Qc3 Qxc3 25. Rxc3 Rc8 26. Nc4 Rxc5 27. Rxe3 Rd7
28. f4 Nf5 29. Re8+ Kg7 30. Kf2 Rb5 31. Bh3 Rxb3 32. Bxf5 gxf5 33. Re5 f6 34.
Rxf5 Rc3 35. Ne3 Nc5 36. Rd5 Ne4+ 37. Kg2 Rxd5 38. Nxd5 1/2-1/2

[Event "3rd Sat Djenovici Feb GM"]
[Site "Djenovici MNE"]
[Date "2018.02.18"]
[Round "2.4"]
[White "Strugnell, Carl"]
[Black "Tomic, Aleksandar"]
[Result "1/2-1/2"]
[WhiteTitle "FM"]
[BlackTitle "FM"]
[WhiteElo "2330"]
[BlackElo "2359"]
[WhiteFideId "616753"]
[BlackFideId "16501799"]
[EventDate "2018.02.17"]

1. e4 c5 2. Nf3 e6 3. Nc3 a6 4. d4 cxd4 5. Nxd4 Qc7 6. Bd3 Nf6 7. f4 d6 8. Qf3
Nbd7 9. g4 h6 10. Rf1 b5 11. a3 Bb7 12. Be3 Rc8 13. Qg2 g6 14. f5 gxf5 15. gxf5
e5 16. Ne6 Qc6 17. Nxf8 Kxf8 18. O-O-O Qc7 19. Qd2 Ke7 20. Bxh6 Rcg8 21. Bg5 Rh3
22. Rg1 Rgh8 23. Rg2 Qc5 24. Ne2 Rxh2 25. Ng3 R2h3 26. Be2 Qb6 27. Bg4 R3h7 28.
Bf3 Qc7 29. Qb4 Rh2 30. Rgd2 Rxd2 31. Qxd2 Ke8 32. Rh1 Rxh1+ 33. Bxh1 Qc5 34.
Qh2 d5 35. exd5 Bxd5 36. b4 Qd4 37. Qh8+ Ke7 38. Bxd5 Qxd5 39. Qh4 Qf3 40. Kb2
Qc6 41. Ne4 Qb6 42. c3 Qc6 43. Kc2 Qb6 44. Qg3 Qc7 45. Qe3 Qc4 46. Kb2 Qd5 47.
Nxf6 Nxf6 48. Qc5+ Kd7 49. Qa7+ Ke8 50. Bxf6 Qd2+ 51. Kb3 Qd1+ 1/2-1/2

[Event "3rd Sat Djenovici Feb GM"]
[Site "Djenovici MNE"]
[Date "2018.02.19"]
[Round "3.1"]
[White "Srinath, Rao S.V."]
[Black "Drasko, Milan"]
[Result "1/2-1/2"]
[WhiteTitle "FM"]
[BlackTitle "GM"]
[WhiteElo "2278"]
[BlackElo "2452"]
[WhiteFideId "5028876"]
[BlackFideId "900397"]
[EventDate "2018.02.17"]

1. e4 e6 2. d4 d5 3. Nc3 Bb4 4. e5 Ne7 5. a3 Bxc3+ 6. bxc3 c5 7. h4 Qc7 8. Nf3
b6 9. h5 h6 10. Bb5+ Bd7 11. a4 Bxb5 1/2-1/2

[Event "3rd Sat Djenovici Feb GM"]
[Site "Djenovici MNE"]
[Date "2018.02.19"]
[Round "3.2"]
[White "Tomic, Aleksandar"]
[Black "Ivanovic, Bozidar"]
[Result "1-0"]
[WhiteTitle "FM"]
[BlackTitle "GM"]
[WhiteElo "2359"]
[BlackElo "2420"]
[WhiteFideId "16501799"]
[BlackFideId "900095"]
[EventDate "2018.02.17"]

1. d4 c5 2. d5 e5 3. e4 d6 4. Nc3 Be7 5. Bb5+ Kf8 6. a4 g6 7. Nf3 Bg4 8. h3 Bxf3
9. Qxf3 Bg5 10. Bxg5 Qxg5 11. a5 a6 12. Bd3 Nd7 13. h4 Qf6 14. Qh3 Qe7 15. Nd1
h5 16. Ne3 Ngf6 17. Qg3 b5 18. axb6 Nxb6 19. f3 Ne8 20. Ke2 Nc7 21. Ra5 Rg8 22.
Rha1 f5 23. Qg5 f4 24. Nc4 Qxg5 25. hxg5 Nxc4 26. Bxc4 Ke7 27. Bxa6 h4 28. Kf2
Rgb8 29. b3 Rh8 30. Bf1 Rxa5 31. Rxa5 Rh5 32. Ra7 Kd7 33. c3 Kc8 34. Ba6+ Nxa6
35. Rxa6 Kc7 36. Ra7+ Kc8 37. Rg7 h3 38. gxh3 Rxg5 39. h4 Rh5 40. Rxg6 Rxh4 41.
Rxd6 Rh2+ 42. Kg1 Rb2 43. Rc6+ Kd7 44. Rxc5 Rxb3 45. Kg2 Rb8 46. Rc6 Rg8+ 47.
Kf2 Rh8 48. Re6 Rh2+ 49. Kg1 1-0

[Event "3rd Sat Djenovici Feb GM"]
[Site "Djenovici MNE"]
[Date "2018.02.19"]
[Round "3.3"]
[White "Sukovic, Andrej"]
[Black "Strugnell, Carl"]
[Result "0-1"]
[WhiteTitle "FM"]
[BlackTitle "FM"]
[WhiteElo "2262"]
[BlackElo "2330"]
[WhiteFideId "16502310"]
[BlackFideId "616753"]
[EventDate "2018.02.17"]

1. e4 c5 2. Nf3 e6 3. d4 cxd4 4. Nxd4 a6 5. Nc3 Qc7 6. Bd3 Nf6 7. f4 d6 8. Qe2
Nbd7 9. g4 Nc5 10. g5 Nfd7 11. Bd2 b5 12. b4 Nxd3+ 13. cxd3 Nb6 14. Rc1 Qd7 15.
f5 e5 16. Nb3 Be7 17. Be3 Bd8 18. Na5 O-O 19. Bxb6 Bxb6 20. Nd5 Bxa5 21. bxa5
Qd8 22. f6 Qxa5+ 23. Kf2 g6 24. Ne7+ Kh8 25. h4 h5 26. gxh6 d5 27. Nc6 Qa4 28.
Qc2 Qxc2+ 29. Rxc2 dxe4 30. dxe4 Bb7 31. Ke3 Bxc6 32. Rxc6 Kh7 33. h5 g5 34. Kf3
Kxh6 35. Kg4 Rfd8 36. Rc7 Rd2 37. Kf5 Rf8 38. Ra1 Rf2+ 39. Kxe5 Kxh5 40. Kd6 Kg6
41. Ke7 Ra8 42. e5 Re2 43. Rc5 Rd2 44. Rc7 Rdd8 45. Re1 Re8+ 46. Kd6 Rad8+ 47.
Kc5 Re6 48. Re2 Rde8 49. Kd5 Rxf6 50. Rc3 Rfe6 0-1

[Event "3rd Sat Djenovici Feb GM"]
[Site "Djenovici MNE"]
[Date "2018.02.19"]
[Round "3.4"]
[White "Bick, Gabriel"]
[Black "Lazic, Miroljub"]
[Result "1/2-1/2"]
[BlackTitle "GM"]
[WhiteElo "2403"]
[BlackElo "2496"]
[WhiteFideId "2084058"]
[BlackFideId "900788"]
[EventDate "2018.02.17"]

1. e4 e5 2. Nf3 Nc6 3. Bc4 Bc5 4. O-O d6 5. d3 h6 6. c3 Qf6 7. a4 a6 8. Be3 Nge7
9. Nbd2 Ng6 10. b4 Ba7 11. Ne1 O-O 12. Nc2 Be6 13. Bxa7 Rxa7 14. Ne3 Bxc4 15.
Ndxc4 Nce7 16. Qg4 Raa8 17. Rfd1 Qf4 18. Qxf4 1/2-1/2

[Event "3rd Sat Djenovici Feb GM"]
[Site "Djenovici MNE"]
[Date "2018.02.19"]
[Round "3.5"]
[White "Dizdarevic, Emir"]
[Black "Ostojic, Nikola"]
[Result "1-0"]
[WhiteTitle "GM"]
[BlackTitle "IM"]
[WhiteElo "2461"]
[BlackElo "2449"]
[WhiteFideId "14400049"]
[BlackFideId "904287"]
[EventDate "2018.02.17"]

1. Nf3 g6 2. d4 Bg7 3. g3 d6 4. Bg2 Nd7 5. O-O e5 6. dxe5 dxe5 7. Qd3 Ne7 8. Rd1
O-O 9. Bh3 e4 10. Qxe4 Nf6 11. Rxd8 Rxd8 12. Qxe7 Bxh3 13. Nc3 Rd7 14. Qb4 Rad8
15. Bg5 h6 16. Bxf6 Bxf6 17. Re1 b6 18. Qf4 Bg7 19. g4 f5 20. g5 hxg5 21. Nxg5
Rd4 22. e4 1-0

[Event "3rd Sat Djenovici Feb GM"]
[Site "Djenovici MNE"]
[Date "2018.02.20"]
[Round "4.1"]
[White "Drasko, Milan"]
[Black "Ostojic, Nikola"]
[Result "1/2-1/2"]
[WhiteTitle "GM"]
[BlackTitle "IM"]
[WhiteElo "2452"]
[BlackElo "2449"]
[WhiteFideId "900397"]
[BlackFideId "904287"]
[EventDate "2018.02.17"]

1. Nf3 c5 2. g3 Nc6 3. Bg2 g6 4. c4 Bg7 5. Nc3 e6 6. O-O Nge7 7. e3 d5 8. cxd5
Nxd5 9. Nxd5 exd5 10. d4 cxd4 11. Nxd4 1/2-1/2

[Event "3rd Sat Djenovici Feb GM"]
[Site "Djenovici MNE"]
[Date "2018.02.20"]
[Round "4.3"]
[White "Strugnell, Carl"]
[Black "Bick, Gabriel"]
[Result "0-1"]
[WhiteTitle "FM"]
[WhiteElo "2330"]
[BlackElo "2403"]
[WhiteFideId "616753"]
[BlackFideId "2084058"]
[EventDate "2018.02.17"]

1. e4 c5 2. Nf3 e6 3. Nc3 Nc6 4. d4 cxd4 5. Nxd4 Qc7 6. Be3 a6 7. Qd2 Nf6 8. f4
Bb4 9. Bd3 Ng4 10. Bg1 O-O 11. h3 Nf6 12. Nde2 b5 13. g4 d5 14. e5 Ne4 15. Bxe4
dxe4 16. a3 Be7 17. Nxe4 Bb7 18. N2g3 Rfd8 19. Qe2 b4 20. Bf2 bxa3 21. bxa3 Nd4
22. Bxd4 Rxd4 23. O-O Qc6 24. Rfe1 Bh4 25. c3 Rc4 26. Rac1 Rd8 27. Rcd1 Rd5 28.
Rb1 Bxg3 29. Nxg3 Rxf4 30. c4 Rd8 31. Red1 Rxd1+ 32. Rxd1 Qc5+ 0-1

[Event "3rd Sat Djenovici Feb GM"]
[Site "Djenovici MNE"]
[Date "2018.02.20"]
[Round "4.4"]
[White "Ivanovic, Bozidar"]
[Black "Sukovic, Andrej"]
[Result "1/2-1/2"]
[WhiteTitle "GM"]
[BlackTitle "FM"]
[WhiteElo "2420"]
[BlackElo "2262"]
[WhiteFideId "900095"]
[BlackFideId "16502310"]
[EventDate "2018.02.17"]

1. e4 c5 2. Nf3 d6 3. d4 cxd4 4. Nxd4 Nf6 5. Nc3 a6 6. Bc4 e6 7. Bb3 b5 8. Qf3
Qc7 9. O-O Be7 10. Re1 O-O 11. Qg3 Bd7 12. Bh6 Ne8 13. Rad1 Nc6 14. Nxc6 Bxc6
15. a3 1/2-1/2

[Event "3rd Sat Djenovici Feb GM"]
[Site "Djenovici MNE"]
[Date "2018.02.20"]
[Round "4.5"]
[White "Srinath, Rao S.V."]
[Black "Tomic, Aleksandar"]
[Result "1-0"]
[WhiteTitle "FM"]
[BlackTitle "FM"]
[WhiteElo "2278"]
[BlackElo "2359"]
[WhiteFideId "5028876"]
[BlackFideId "16501799"]
[EventDate "2018.02.17"]

1. e4 c5 2. Nf3 e6 3. c3 Nf6 4. e5 Nd5 5. d4 cxd4 6. cxd4 b6 7. Nc3 Nxc3 8. bxc3
Bb7 9. Bd3 d6 10. O-O Nd7 11. Bf4 Qc7 12. Re1 Be7 13. Ng5 dxe5 14. dxe5 Nc5 15.
Qh5 g6 16. Bb5+ Bc6 17. Qf3 Rc8 18. Be3 Bxg5 19. Bxc6+ Qxc6 20. Qxc6+ Rxc6 21.
Bxg5 Kd7 22. Re3 Kc8 23. Rd1 Rc7 24. Rd4 Kb7 25. g4 Rd7 26. Rf3 Kc6 27. Kg2 h5
28. Rxd7 Nxd7 29. Rxf7 hxg4 30. Re7 Nc5 31. Rxa7 Ne4 32. Bf6 Rh5 33. Ra4 Nxf6
34. exf6 Rf5 35. Rxg4 Rxf6 36. Kg3 Kd5 37. Rf4 Rf5 38. Rxf5+ exf5 39. Kf4 Kc4
40. h4 Kd3 41. Kg5 1-0

[Event "3rd Sat Djenovici Feb GM"]
[Site "Djenovici MNE"]
[Date "2018.02.21"]
[Round "5.2"]
[White "Sukovic, Andrej"]
[Black "Srinath, Rao S.V."]
[Result "1/2-1/2"]
[WhiteTitle "FM"]
[BlackTitle "FM"]
[WhiteElo "2262"]
[BlackElo "2278"]
[WhiteFideId "16502310"]
[BlackFideId "5028876"]
[EventDate "2018.02.17"]

1. e4 e6 2. d4 d5 3. Nc3 Nf6 4. e5 Nfd7 5. f4 c5 6. Nf3 Nc6 7. Be3 a6 8. Qd2 b5
9. a3 Bb7 10. Bd3 Rc8 11. O-O Qb6 12. Qf2 cxd4 13. Nxd4 Nxd4 14. Bxd4 Qxd4 15.
Qxd4 Bc5 16. Ne2 f6 17. Rf2 Bxd4 18. Nxd4 fxe5 19. fxe5 Ke7 20. a4 bxa4 21. Rxa4
Nxe5 22. Re2 Kf6 23. Rf2+ Ke7 24. Re2 Kf6 1/2-1/2

[Event "3rd Sat Djenovici Feb GM"]
[Site "Djenovici MNE"]
[Date "2018.02.21"]
[Round "5.3"]
[White "Bick, Gabriel"]
[Black "Ivanovic, Bozidar"]
[Result "1-0"]
[BlackTitle "GM"]
[WhiteElo "2403"]
[BlackElo "2420"]
[WhiteFideId "2084058"]
[BlackFideId "900095"]
[EventDate "2018.02.17"]

1. e4 c5 2. Nf3 Nc6 3. Bb5 e6 4. O-O Nge7 5. Re1 a6 6. Bf1 Ng6 7. c3 Be7 8. d4
cxd4 9. cxd4 d6 10. Nc3 O-O 11. d5 exd5 12. Nxd5 Be6 13. Be3 Bxd5 14. Qxd5 Nge5
15. Nd2 Ng4 16. Bf4 Bf6 17. Bxd6 Bxb2 18. Rad1 Bd4 19. Bg3 Qe7 20. Nf3 Bc5 21.
Qf5 Nh6 22. Qh5 Bb4 23. Re3 Qe6 24. Nd4 Nxd4 25. Rxd4 Be7 26. h3 Rfd8 27. Rd5
Qg6 28. Qe5 Bf6 29. Qc7 Re8 30. Qxb7 Bg5 31. Rd6 f6 32. f4 1-0

[Event "3rd Sat Djenovici Feb GM"]
[Site "Djenovici MNE"]
[Date "2018.02.21"]
[Round "5.4"]
[White "Dizdarevic, Emir"]
[Black "Strugnell, Carl"]
[Result "1/2-1/2"]
[WhiteTitle "GM"]
[BlackTitle "FM"]
[WhiteElo "2461"]
[BlackElo "2330"]
[WhiteFideId "14400049"]
[BlackFideId "616753"]
[EventDate "2018.02.17"]

1. Nf3 Nf6 2. c4 e6 3. b3 c5 4. g3 Nc6 5. Bg2 Be7 6. Bb2 O-O 7. O-O d5 8. cxd5
Nxd5 9. d4 Bf6 10. e4 Nc7 11. e5 Be7 12. dxc5 Na6 13. Nd4 Nxe5 14. Qe2 Nxc5 15.
Qxe5 Nd3 16. Nxe6 Nxe5 17. Nxd8 Nd3 18. Ba3 Bxa3 19. Nxa3 Rxd8 20. Rfd1 Bg4 21.
f3 Bf5 22. Nc4 b5 23. Ne3 g6 24. f4 Nb2 25. Bxa8 Nxd1 26. Rxd1 Rxa8 27. Rd5 Bb1
28. a3 a6 29. g4 Kf8 30. b4 Ke7 31. Rc5 Kd6 32. Kf2 Be4 33. h4 Bc6 34. Nd1 Re8
35. Nc3 f6 36. h5 Re6 37. f5 Re8 38. fxg6 hxg6 39. hxg6 Rg8 40. Rf5 Rxg6 41. Rf4
Ke5 42. Ke3 Rh6 43. Ne2 Rh3+ 44. Kd2 Rh2 45. Ke3 Rh3+ 46. Kd2 Rh2 47. Ke3 1/2-1/2

[Event "3rd Sat Djenovici Feb GM"]
[Site "Djenovici MNE"]
[Date "2018.02.21"]
[Round "5.5"]
[White "Ostojic, Nikola"]
[Black "Lazic, Miroljub"]
[Result "1/2-1/2"]
[WhiteTitle "IM"]
[BlackTitle "GM"]
[WhiteElo "2449"]
[BlackElo "2496"]
[WhiteFideId "904287"]
[BlackFideId "900788"]
[EventDate "2018.02.17"]

1. d4 d5 2. Nf3 Nf6 3. c4 c6 4. cxd5 cxd5 5. Nc3 Nc6 6. Bf4 Bf5 7. e3 e6 8. Bd3
Bxd3 9. Qxd3 Bd6 10. Bxd6 Qxd6 11. O-O 1/2-1/2

[Event "3rd Sat Djenovici Feb GM"]
[Site "Djenovici MNE"]
[Date "2018.02.22"]
[Round "6.2"]
[White "Strugnell, Carl"]
[Black "Ostojic, Nikola"]
[Result "0-1"]
[WhiteTitle "FM"]
[BlackTitle "IM"]
[WhiteElo "2330"]
[BlackElo "2449"]
[WhiteFideId "616753"]
[BlackFideId "904287"]
[EventDate "2018.02.17"]

1. e4 g6 2. d4 Bg7 3. Nf3 d6 4. c3 Nf6 5. Bd3 O-O 6. O-O Nc6 7. h3 e5 8. Re1 Re8
9. d5 Nb8 10. c4 c5 11. Nc3 Nh5 12. Rb1 Na6 13. a3 Bf8 14. Rf1 Nf4 15. Bxf4 exf4
16. Qd2 g5 17. Rfe1 Bg7 18. b4 h5 19. h4 g4 20. Ng5 Be5 21. Ne2 Qf6 22. Rf1 Kg7
23. Bc2 Bd7 24. b5 Nb8 25. Rb3 Rh8 26. g3 f3 27. Nf4 Bc8 28. Nd3 Nd7 29. Bd1 Qe7
30. Kh2 Bf6 31. Re1 Ne5 32. Nxe5 Bxe5 33. Bc2 Bd7 34. Qa5 b6 35. Qd2 a6 36. bxa6
Rxa6 37. Reb1 Rb8 38. Re3 Be8 39. Kg1 Qa7 40. Qc1 Ra5 41. Bd1 b5 42. cxb5 Raxb5
43. Rxb5 Rxb5 44. a4 Rb4 45. Ra3 Bb2 46. Qe3 Bxa3 47. Qxa3 Rd4 0-1

[Event "3rd Sat Djenovici Feb GM"]
[Site "Djenovici MNE"]
[Date "2018.02.22"]
[Round "6.4"]
[White "Srinath, Rao S.V."]
[Black "Bick, Gabriel"]
[Result "0-1"]
[WhiteTitle "FM"]
[WhiteElo "2278"]
[BlackElo "2403"]
[WhiteFideId "5028876"]
[BlackFideId "2084058"]
[EventDate "2018.02.17"]

1. e4 e5 2. Nf3 Nc6 3. Bc4 Bc5 4. c3 Nf6 5. d3 O-O 6. O-O a6 7. Re1 d6 8. Bb3
Ba7 9. Nbd2 Ng4 10. Re2 Kh8 11. h3 Nh6 12. Nc4 f5 13. Bg5 Qe8 14. d4 fxe4 15.
Rxe4 Qg6 16. Re3 exd4 17. cxd4 Nf5 18. Bc2 Nxe3 19. Nxe3 Qh5 20. d5 Ne5 21. Nxe5
Qxg5 22. Nf3 Qh5 23. Nd4 Qh4 24. Nf3 Qh6 25. Ng4 Qf4 26. Qd3 Bf5 27. Qc3 Bxg4
28. hxg4 Qxg4 29. Re1 Rae8 30. Rxe8 Rxe8 31. Qxc7 Bxf2+ 32. Kxf2 Rc8 33. Qxd6
Rxc2+ 34. Ke3 h6 35. Qb8+ Kh7 36. Qxb7 Qxg2 37. d6 Qe2+ 38. Kf4 Rc4+ 39. Kg3 Qd3
40. Qb6 Re4 41. Qc7 Rd4 0-1

[Event "3rd Sat Djenovici Feb GM"]
[Site "Djenovici MNE"]
[Date "2018.02.22"]
[Round "6.5"]
[White "Tomic, Aleksandar"]
[Black "Sukovic, Andrej"]
[Result "1/2-1/2"]
[WhiteTitle "FM"]
[BlackTitle "FM"]
[WhiteElo "2359"]
[BlackElo "2262"]
[WhiteFideId "16501799"]
[BlackFideId "16502310"]
[EventDate "2018.02.17"]

1. d4 Nf6 2. Nf3 g6 3. Nc3 Bg7 4. Bf4 c5 5. dxc5 Qa5 6. Qd2 Qxc5 7. e4 d6 8.
O-O-O O-O 9. Kb1 Nc6 10. Bd3 Ng4 11. h3 Bxc3 12. bxc3 Nge5 13. Nxe5 Nxe5 14. Bh6
Be6 15. Bxf8 Rxf8 16. Kb2 Rc8 17. Rb1 Qa5 18. f4 Qxa2+ 19. Kc1 Qa3+ 20. Kd1 Nc4
21. Qc1 Qxc3 22. Rxb7 Qd4 23. Ke2 d5 24. e5 Bf5 25. Bxf5 gxf5 26. Re1 Ne3 27.
Qxe3 Rxc2+ 28. Kf3 Rc3 29. Qxc3 Qxc3+ 30. Re3 Qc1 31. e6 f6 32. Rbb3 d4 33. Red3
Qc6+ 34. Kf2 Qxe6 35. Rb8+ Kf7 36. Rxd4 a5 37. Rb5 Qa2+ 38. Kg3 a4 39. Ra5 Qb3+
40. Kh2 a3 1/2-1/2

[Event "3rd Sat Djenovici Feb GM"]
[Site "Djenovici MNE"]
[Date "2018.02.23"]
[Round "7.2"]
[White "Bick, Gabriel"]
[Black "Tomic, Aleksandar"]
[Result "1-0"]
[BlackTitle "FM"]
[WhiteElo "2403"]
[BlackElo "2359"]
[WhiteFideId "2084058"]
[BlackFideId "16501799"]
[EventDate "2018.02.17"]

1. e4 c5 2. Nf3 e6 3. d4 cxd4 4. Nxd4 a6 5. c4 Nf6 6. Nc3 Bb4 7. Qd3 Qc7 8. a3
Bxc3+ 9. Qxc3 Nxe4 10. Nb5 axb5 11. Qxg7 Rf8 12. Bh6 Qd6 13. cxb5 Qe7 14. Rc1
Nd6 15. Be2 b6 16. O-O Bb7 17. Rc7 f6 18. Bh5+ Kd8 19. Rfc1 Qxg7 20. Bxg7 Ke7
21. Bxf8+ Kxf8 22. Bd1 Bd5 23. a4 Ke7 24. f4 f5 25. R7c3 Ne8 26. Rh3 Nf6 27. Rc8
d6 28. Bf3 Bxf3 29. gxf3 d5 30. b3 Kd7 31. Rf8 Ke7 32. Rh8 Kd6 33. Rh6 Ke7 34.
Kf2 d4 35. Ke1 Kf7 36. Rc8 Kg7 37. Rh3 Kf7 38. Kd2 h5 39. Rg3 Nfd7 40. Rgg8 Ke7
41. Rc7 Kd6 42. Rb7 Ra5 43. Rc8 Kd5 44. Rd8 Kc5 45. Kc2 h4 46. h3 Kb4 47. Kb2
Kc5 48. Ka3 d3 49. Rbxd7 Nxd7 50. Rxd7 Ra8 51. Kb2 1-0

[Event "3rd Sat Djenovici Feb GM"]
[Site "Djenovici MNE"]
[Date "2018.02.23"]
[Round "7.3"]
[White "Dizdarevic, Emir"]
[Black "Srinath, Rao S.V."]
[Result "1/2-1/2"]
[WhiteTitle "GM"]
[BlackTitle "FM"]
[WhiteElo "2461"]
[BlackElo "2278"]
[WhiteFideId "14400049"]
[BlackFideId "5028876"]
[EventDate "2018.02.17"]

1. Nf3 Nf6 2. g3 g6 3. b3 Bg7 4. Bb2 d6 5. d4 c5 6. Bg2 cxd4 7. Nxd4 d5 8. c4
dxc4 9. O-O O-O 10. Na3 cxb3 11. axb3 Nc6 12. Nxc6 bxc6 13. Nc4 Be6 14. Na5 Bd5
15. Nxc6 Bxc6 16. Bxc6 Rb8 17. Qxd8 Rfxd8 18. Rxa7 Rxb3 19. Ba3 e6 20. Be7 Rdb8
21. Kg2 Nd5 22. Bxd5 exd5 23. Rd1 d4 24. Bc5 Rb2 25. e3 dxe3 26. Bxe3 Re8 27.
Kf1 Be5 28. Rd5 Rb4 29. Kg2 h5 30. h4 Bb8 31. Rad7 Be5 32. Ra5 Rb3 33. Ra6 Rb2
34. Raa7 Bb8 35. Ra3 Rb5 36. Bd4 Be5 37. Be3 Bb8 38. Bg5 Rf5 39. Rb3 Be5 40. Re3
Rc8 1/2-1/2

[Event "3rd Sat Djenovici Feb GM"]
[Site "Djenovici MNE"]
[Date "2018.02.23"]
[Round "7.5"]
[White "Lazic, Miroljub"]
[Black "Strugnell, Carl"]
[Result "1-0"]
[WhiteTitle "GM"]
[BlackTitle "FM"]
[WhiteElo "2496"]
[BlackElo "2330"]
[WhiteFideId "900788"]
[BlackFideId "616753"]
[EventDate "2018.02.17"]

1. e4 e5 2. Bc4 Nf6 3. d3 Nc6 4. Nf3 Bc5 5. c3 a6 6. Bb3 Ba7 7. O-O O-O 8. Re1
d6 9. h3 Be6 10. Nbd2 Bxb3 11. Qxb3 Qd7 12. Nf1 Rfe8 13. Ng3 h6 14. Bd2 a5 15.
Rad1 a4 16. Qc2 d5 17. Bc1 Qe6 18. a3 dxe4 19. Nxe4 Nh5 20. d4 exd4 21. cxd4 Qd5
22. Nc3 Rxe1+ 23. Rxe1 Nxd4 24. Nxd4 Qxd4 25. Nb5 Qb6 26. Nxa7 Qxa7 27. Qxc7 Nf6
28. Re5 Qd4 29. Qxb7 Qd1+ 30. Kh2 Rd8 31. Bf4 Qd4 32. Bg3 h5 33. Re2 Qd1 34. Re7
Qb1 35. Re5 Qc1 36. Qf3 Rd1 37. Bh4 Rh1+ 38. Kg3 Qh6 39. Bxf6 gxf6 40. Rxh5 Qg6+
41. Qg4 Rd1 42. Qxg6+ fxg6 43. Rb5 Rd3+ 44. Kf4 f5 1-0

[Event "3rd Sat Djenovici Feb GM"]
[Site "Djenovici MNE"]
[Date "2018.02.24"]
[Round "8.1"]
[White "Drasko, Milan"]
[Black "Strugnell, Carl"]
[Result "1-0"]
[WhiteTitle "GM"]
[BlackTitle "FM"]
[WhiteElo "2452"]
[BlackElo "2330"]
[WhiteFideId "900397"]
[BlackFideId "616753"]
[EventDate "2018.02.17"]

1. Nf3 Nf6 2. g3 d5 3. Bg2 e6 4. O-O Be7 5. c4 O-O 6. b3 b6 7. Bb2 Bb7 8. e3
Nbd7 9. Nc3 Ne4 10. Ne2 Bf6 11. Qc2 Bxb2 12. Qxb2 Qf6 13. Qxf6 Ndxf6 14. a3 Nd6
15. Ne5 c5 16. Rfd1 Rfd8 17. cxd5 Bxd5 18. d4 Bxg2 19. Kxg2 Nb7 20. dxc5 Nxc5
21. Nd4 Nd5 22. Ndc6 Re8 23. Rac1 Ne4 24. Rd4 f5 25. b4 g6 26. Rd3 Nef6 27. Rc4
Rec8 28. f3 Kf8 29. e4 b5 30. Rcd4 Nb6 31. Rd6 Re8 32. exf5 gxf5 33. Nd4 Nfd5
34. Nec6 Kf7 35. Nxb5 a6 36. Nbd4 Rac8 37. f4 Kf6 38. Ne5 Ke7 39. Rxe6+ Kf8 40.
Rxe8+ Kxe8 41. Ndc6 Kf8 42. a4 1-0

[Event "3rd Sat Djenovici Feb GM"]
[Site "Djenovici MNE"]
[Date "2018.02.24"]
[Round "8.2"]
[White "Ivanovic, Bozidar"]
[Black "Lazic, Miroljub"]
[Result "1/2-1/2"]
[WhiteTitle "GM"]
[BlackTitle "GM"]
[WhiteElo "2420"]
[BlackElo "2496"]
[WhiteFideId "900095"]
[BlackFideId "900788"]
[EventDate "2018.02.17"]

1. e4 e5 2. Nf3 Nc6 3. Bb5 a6 4. Ba4 Nf6 5. O-O Be7 6. Re1 b5 7. Bb3 d6 8. c3
O-O 9. h3 Na5 10. Bc2 c5 11. d4 Qc7 12. dxc5 dxc5 13. Nbd2 1/2-1/2